Mort subite Les élections présidentielles en France - Statistiques

Statistiques générales
  • Ce quiz a été pris 746 fois
  • Le résultat moyen est 4 sur 6
Answers on the Grid
Answers color-coded by a green-red scale on the quiz's grid according to % correct below.
Charles de Gaulle
François Mitterrand
Georges Pompidou
Lionel Jospin
Valéry Giscard d'Estaing
Jacques Chirac
Alain Poher
Nicolas Sarkozy
Marine Le Pen
François Hollande
Emmanuel Macron
Jean-Marie Le Pen
Ségolène Royal
 
Statistiques - réponses
Réponse % Correct
Charles de Gaulle
84%
Emmanuel Macron
67%
François Hollande
58%
Nicolas Sarkozy
53%
Georges Pompidou
46%
Valéry Giscard d'Estaing
45%
Aucun quiz correspondant
Distribution des résultats
% des personnes avec chaque résultat
Percentile par nombre de réponses
Votre historique - résultats
Vous n’avez pas pris ce quiz